00577nam a2200181 a 450000100060000000300090000600800410001502000150005604000280007108200160009910000570011524500680017226000510024030000160029149000230030765000480033065000170037814910CO-ViMGA141112s2004 ck r 000 u spa d a9681659783 aCO-ViMGAbspacCO-ViMGA04a639.22 C4381 aCifuentes lemus, Juan Luis; Torres - García, Pilar10aEl oceano y sus recursos : bIX - La pesca - Ciencia para todos aMexico, cFondo de Cultura económica, c1999 a228.p.fotos aCiencia para todos14aCOMERCIO E INDUSTRIALIZACION - PESCA MARINA14aPESCA MARINA